Ishan Joshi

Ottawa B


Categories

Literature - European Literature13124079125.7514
Fine Arts - Auditory Fine Arts2100405580.6723
Other Arts: Auditory03013082107.0013
Beliefs2242303288.0024
Literature - British Literature031125112129.0003
Literature - American Literature03112591124.6703
Science - Biology02002099110.5022
Fine Arts - Visual Fine Arts021215138141.5002
Other Academic0100108686.0011
Other Arts: Visual010110115115.0001
Philosophy023058799.5022
History - European History011057979.0001
Religion0010-50.0000
Science - Physics0010-50.0000
Social Science0010-50.0000
History - American History0010-50.0000
Geography0010-50.0000
Other Science: Earth Science0020-100.0000
0140-10133133.0011

Buzzes

Beliefsbridges1532
Fine Arts - Auditory Fine ArtsRepublic of South Africa1555
metaphor-556
Beliefseyes-557
Beliefseating-558
Beliefscaves1558
History - European Historycosmonauts-563
History - American HistoryW. E. B. Du Bois-564
Fine Arts - Auditory Fine Artsbirds1566
symposia-566